Library of the University of Algiers 3
Ibrahim Sultan Cheibout
شعار جامعة الجزائر 3
مكتبة جامعة الجزائر 3
إبراهيم سلطان شيبوط

إدارة وتقييم المشروعات / (رقم التسجيلة. 43026)

تفاصيل مارك
000 -LEADER
fixed length control field 01181nam a2200229Ia 4500
003 - CONTROL NUMBER IDENTIFIER
control field Ost
005 - DATE AND TIME OF LATEST TRANSACTION
control field 20260507075117.0
008 - FIXED-LENGTH DATA ELEMENTS--GENERAL INFORMATION
fixed length control field 260507s9999||||xx |||||||||||||| ||und||
020 ## - INTERNATIONAL STANDARD BOOK NUMBER
International Standard Book Number ×434029775
040 ## - CATALOGING SOURCE
Transcribing agency fsecg
041 ## - LANGUAGE CODE
Language code of text/sound track or separate title ara
082 ## - DEWEY DECIMAL CLASSIFICATION NUMBER
Classification number 658.404
100 ## - MAIN ENTRY--PERSONAL NAME
Personal name نصير، نعيم
Relator term مؤلف
245 #0 - TITLE STATEMENT
Title إدارة وتقييم المشروعات /
Statement of responsibility, etc. نعيم نصير
260 ## - PUBLICATION, DISTRIBUTION, ETC.
Place of publication, distribution, etc. القاهرة:
Name of publisher, distributor, etc. المنظمة العربية للتنمية الإدارية,
Date of publication, distribution, etc. 2005
300 ## - PHYSICAL DESCRIPTION
Extent 356 صفحة؛
Other physical details إيضاحات ؛
Dimensions 24 سم
490 ## - SERIES STATEMENT
Series statement سلسلة بحوث ودراسات
520 ## - SUMMARY, ETC.
Summary, etc. إدارة المشاريع في الإدارة المعاصرة- دورة حياة المشروع- الأخيرة من دورة حياة المشروع- التنظيم الإداري للمشاريع- الأدوار والمسؤوليات والسلطات في المشروع- برمجة المشاريع- تقييم المشاريع- تحليل العائدات والتكاليف- الأسباب الإدارية لفشل ونجاح المشروعات
653 ## - INDEX TERM--UNCONTROLLED
Uncontrolled term المشاريع- الإدارة
653 ## - INDEX TERM--UNCONTROLLED
Uncontrolled term تقييم المشروعات
942 ## - ADDED ENTRY ELEMENTS (KOHA)
Koha item type كتب
المقتنيات
Withdrawn status Lost status Source of classification or shelving scheme Damaged status Not for loan Home library Current library Date acquired Serial enumeration / chronology Inventory number Total checkouts Full call number Barcode Date last seen Price effective from Koha item type
    Dewey Decimal Classification   NOT LOAN / إعارة داخلية مكتبة كلية العلوم الإقتصادية والعلوم التجارية وعلوم التسيير مكتبة كلية العلوم الإقتصادية والعلوم التجارية وعلوم التسيير 07/05/2026 الطابق الأرضي 1941/1   أ/1941ن1 1941/1 07/05/2026 07/05/2026 كتب
    Dewey Decimal Classification   Available مكتبة كلية العلوم الإقتصادية والعلوم التجارية وعلوم التسيير مكتبة كلية العلوم الإقتصادية والعلوم التجارية وعلوم التسيير 07/05/2026 الطابق الثاني 1941/2   أ/1941ن2 1941/2 07/05/2026 07/05/2026 كتب

موارد الويب المفتوحة


© University of Algiers 3 All Rights Reserved
|
Implemented by LECHELAH Riad